Luxus, či nezbytnost? Ekologicky orientované řízení podniku.

Nové ekologické zákony vytvárajú pre podnikateľov výrazne náročnejšie normatívne a ekonomické prostredie. Podnikové vedenie musí na nové podmienky reagovať. Ochrana životného prostredia prináša nové príležitosti a otvára nový podnikateľský priestor. Ekologizácia výroby prináša úspory nákladov, zvyšu...

Ausführliche Beschreibung

Gespeichert in:
Bibliographische Detailangaben
1. Verfasser: Štěpánek, Z.
Format: Buchkapitel
Sprache:Tschechisch
Schlagworte:
Tags: Tag hinzufügen
Keine Tags, Fügen Sie das erste Tag hinzu!

MARC

LEADER 00000naa a2200000 4500
001 r008645
005 20220831083801.5
041 0 |a cze 
044 |a [CS] 
245 1 0 |a Luxus, či nezbytnost?  |b Ekologicky orientované řízení podniku.  |c Z. Štěpánek 
520 |a Nové ekologické zákony vytvárajú pre podnikateľov výrazne náročnejšie normatívne a ekonomické prostredie. Podnikové vedenie musí na nové podmienky reagovať. Ochrana životného prostredia prináša nové príležitosti a otvára nový podnikateľský priestor. Ekologizácia výroby prináša úspory nákladov, zvyšuje trhové a odbytové príležitosti. 
610 2 0 |a ochrana prostredia životného 
610 2 0 |a ekológia 
610 2 0 |a riadenie podnikové 
610 2 0 |a podnikanie 
610 2 0 |a hospodárnosť 
100 1 |a Štěpánek, Z.